000
00330nam a2200133Ia 4500
008
150731s2014 xx 000 0 und d
082
_a
612
_b
P 14 J
100
_a
JOSHI, VIJAYA D.
245
_a
PHYSIOLOGY: PREP. MANUAL FOR U.G.
250
_a
5 TH
260
_b
ELSEVIER- INDIA DELHI
_c
2014
300
_a
588
942
_2
ddc
_c
BK
_0
21
999
_c
7970
_d
7970